Southend Airport Destinations (London, UK) - Statistics

General Stats
  • This quiz has been taken 18 times
  • The average score is 15 of 26
Answer Stats
Airline Destination % Correct
easyJet Barcelona
94%
easyJet Amsterdam
88%
easyJet Alicante
82%
easyJet Faro
76%
easyJet Paris
76%
easyJet Tenerife
76%
easyJet Ibiza
71%
easyJet Malaga
71%
easyJet Berlin
65%
easyJet Geneva
65%
easyJet Gran Canaria
65%
easyJet Malta
65%
easyJet Palma de Mallorca
65%
easyJet Lanzarote
59%
easyJet Munich
59%
easyJet Antalya
53%
easyJet Almeria
47%
easyJet Salzburg
47%
easyJet Enfidha
41%
easyJet Grenoble
41%
easyJet Pisa
41%
easyJet Jersey
35%
easyJet Marrakesh
35%
easyJet Dalaman
29%
easyJet Reus
29%
easyJet Rovaniemi
29%
No matching quizzes found
Score Distribution
Percent of People with Each Score
Percentile by Number Answered
Your Score History
You have not taken this quiz